000 01424nam a2200385 a 4500
001 000115106
003 CHAP
005 20220329144516.0
008 181008s2018 mx a sm |||||||spa d
010 _a111567
011 _a112539
040 _cCHAP
090 _aTesis
100 1 _aIllescas Gallegos, Everardo.
_9130159
245 1 0 _aMecanismos de latencia física en dos géneros de leguminosas /
_h[En línea]
_cpor Everardo Illescas Gallegos.
260 _aChapingo, Méx. :
_bEl autor,
_c2018.
500 _aPara ver el contenido del material haga clic en la liga
502 _aTesis (M.C. en Ciencias Forestales) -- UACH. División de Ciencias Forestales
590 _aE11695DGD
_b10
_c20190604
_lUCH01
_h1329
590 _aE8697GMM
_b05
_c20181008
_lUCH01
_h1359
590 _aE8697GMM
_b05
_c20181008
_lUCH01
_h1400
590 _aE8697GMM
_b05
_c20181009
_lUCH01
_h1416
590 _aE8697GMM
_b05
_c20181130
_lUCH01
_h1331
590 _aE8697GMM
_b05
_c20190516
_lUCH01
_h1500
650 1 4 _aCalor
_xEfecto en semillas.
_917575
650 1 4 _aSemillas
_xFisiología y morfología.
_9103902
650 1 4 _aSemillas
_xGerminación.
_9103903
650 1 4 _aSemillas
_xInvestigación.
_9103907
650 1 4 _aSemillas
_xVigor.
_9103934
650 1 4 _aTemperatura
_xEfecto en semillas.
_9112222
856 _aFinding aid
_uhttp://10.13.5.2/tesis/sist115106.pdf
_zTeclea aquí
901 _aBK
942 _cTESIS
942 _n0
999 _c111567
_d111567